[Event "CRO-chT3 West"]
[Site "Croatia"]
[Date "2020.10.25"]
[Round "9.3"]
[White "Tomic, Dalibor"]
[Black "Simunic, Edi"]
[Result "1/2-1/2"]
[WhiteElo "1739"]
[BlackElo "1585"]
[PlyCount "117"]
[EventDate "2020.09.12"]
[EventType "team-tourn"]
[EventRounds "9"]
[EventCountry "CRO"]
[SourceTitle "EXT 2022"]
[Source "ChessBase"]
[SourceDate "2021.10.06"]
[SourceVersion "1"]
[SourceVersionDate "2021.10.06"]
[SourceQuality "1"]
[WhiteTeam "Korenica"]
[BlackTeam "Cres"]
[WhiteTeamCountry "CRO"]
[BlackTeamCountry "CRO"]

1. d4 d5 2. c4 c6 3. e3 Nf6 4. Nf3 Bf5 5. Nbd2 e6 6. Be2 Nbd7 7. Nh4 Bg6 8. Nxg6 hxg6 9. b3 Bb4 10. Bb2 Ne4 11. Bc1 Qh4 12. g3 Qf6 13. 0-0 Nc3 14. Qe1 Nxe2+ 15. Qxe2 Bxd2 16. Bxd2 0-0-0 17. a4 Qf5 18. b4 Rxh2 19. Kxh2 Rh8+ 20. Kg1 Qh3 21. f3 Qh1+ 22. Kf2 Rh2+ 23. Ke1 Rxe2+ 24. Kxe2 Qg2+ 25. Kd3 Qxg3 26. cxd5 exd5 27. b5 c5 28. dxc5 Nxc5+ 29. Ke2 b6 30. Bc3 f6 31. a5 bxa5 32. Rxa5 Qc7 33. Ra3 Ne6 34. Rc1 Kb7 35. Rca1 Qb6 36. Kf2 d4 37. Bxd4 Nxd4 38. Rxa7+ Qxa7 39. Rxa7+ Kxa7 40. exd4 Kb6 41. Ke3 Kxb5 42. d5 Kc5 43. Ke4 Kd6 44. f4 Ke7 45. Kd3 f5 46. Kc4 g5 47. fxg5 f4 48. Kd4 f3 49. Ke3 f2 50. Kxf2 Kd6 51. Kf3 Kxd5 52. Kg4 g6 53. Kf3 Ke5 54. Kg4 Ke4 55. Kh4 Kf4 56. Kh3 Kxg5 57. Kg3 Kf5 58. Kf3 g5 59. Kg3 1/2-1/2